Car brands I know - Statistics

General Stats
  • This quiz has been taken 89 times
  • The average score is 46 of 100
Answer Stats
Country Answer % Correct
Japan Honda
90%
Italy Lamborghini
86%
Japan Toyota
86%
Italy Ferrari
85%
Germany BMW
81%
Germany Mercedes-AMG
81%
Germany Mercedes-Benz
81%
USA Chevrolet
80%
USA Ford
80%
Germany Volkswagen
80%
Germany Audi
76%
Italy Fiat
76%
S. Korea Hyundai
76%
Sweden Volvo
75%
Italy Alfa Romeo
71%
France Bugatti
71%
Japan Nissan
69%
UK Aston Martin
68%
USA Dodge
68%
USA Tesla
68%
France Citroen
66%
USA Jeep
66%
France Peugeot
66%
S. Korea Kia
64%
Japan Mazda
64%
Japan Mitsubishi
64%
UK Jaguar
63%
Germany Porsche
63%
UK Bentley
61%
UK/Germany Mini
61%
Czech Republic Skoda
61%
Russia Lada
59%
Japan Lexus
59%
Germany Opel
59%
Japan Subaru
59%
USA GM
58%
France Renault
58%
UK Land Rover
56%
UK Rolls Royce
56%
Spain Seat
56%
Romania Dacia
54%
Italy Maserati
54%
UK McLaren
54%
USA Cadillac
53%
Australia Holden
49%
Italy Pagani
49%
Sweden SAAB
49%
Sweden Koenigsegg
47%
USA Lincoln
47%
India Tata
47%
UK Vauxhall
47%
Italy Abarth
46%
USA Buick
46%
Japan Infiniti
46%
USA GMC
44%
Italy Lancia
44%
Japan Suzuki
44%
UK Lotus
42%
USA Mercury
42%
USA Chrysler
41%
USA Pontiac
41%
Germany Smart
41%
France Alpine
37%
Croatia Rimac
37%
USA Hummer
36%
UK Rover
34%
USA Saturn
32%
Japan Daihatsu
31%
France DS
31%
S. Korea Genesis
31%
UK MG
31%
UK Morgan
31%
Denmark Zenvo
31%
Austria KTM
29%
Sweden Polestar
29%
China Ssangyong
29%
China Geely
27%
USA Hennessy
25%
UK TVR
25%
UK Ariel
24%
USA Corvette
24%
USA Plymouth
24%
UK Austin
20%
UK Caterham
20%
USA Shelby
20%
USA DMC
17%
UK BAC
15%
Spain Cupra
15%
UK Morris
15%
UK Nobel
15%
Italy De Tomaso
14%
Germany RUF
12%
UK Triumph
12%
UK Jensen
10%
UK Sunbeam
10%
UK Radical
8%
UK Reliant
5%
UK Bowler
3%
UK London Electric Vehicle Company (LEVC)
3%
UK The London Taxi Company (TLTC)
2%
No matching quizzes found
Score Distribution
Percent of People with Each Score
Percentile by Number Answered
Your Score History
You have not taken this quiz